000 00464nam a2200109Ia 4500
008 220616s9999||||xx |||||||||||||| ||und||
245 0 _aSocial Dimensions of Moral Responsibility
546 _aEnglish[eng]
650 _amoral responsibility, moral agency, oppression, structural inequality, power, feminist philosophy, relational autonomy, epistemic injustice, implicit bias, blame
700 _aHutchison, Katrina||Mackenzie, Catriona||Oshana, Marina
942 _cEB
999 _c20317
_d20317